000 00620nam a2200229Ia 4500
003 OSt
005 20220918210422.0
006 a|||||r|||| 00| 0
007 ta
008 220917b |||||||| |||| 00| 0 eng d
024 _a120,406
037 _cTextual
040 _aARTS
_cARTS
_beng
041 _2eng
_aeng
082 _aV73:41wM80, K3
100 _aPogue Forrest C
_9118144
245 0 _aGeorge C Marshall
_b education of a general 1880-1939 ed by Gordon Harrison
260 _c1963
650 _aHISTORY
942 _hV73:41wM80, K3
_cTEXL
_2CC
999 _c243664
_d243664